| 000 | 00610nam a2200229 a 4500 | ||
|---|---|---|---|
| 999 |
_c6894 _d6894 |
||
| 001 | 6894 | ||
| 003 | BD-JhCC | ||
| 005 | 20180131182734.0 | ||
| 008 | 180131s1966 ru a|||| |||| 000 0 eng d | ||
| 035 | _a(BD-JhCC)6894 | ||
| 040 |
_aBD-JhCC _dBD-JhCC |
||
| 041 | _aeng | ||
| 082 |
_a621.755 _bMAK 1966 |
||
| 100 | _aMakiyenko N. | ||
| 245 |
_aBench Work / _cN Makiyenko |
||
| 260 |
_aMoscow : _bMir Publishers, _c1966. |
||
| 300 |
_a75 pages, : _billustrations ; _c21 cm. |
||
| 500 | _aTranslated From the Russian by Oleg Leizerson | ||
| 650 | _aMachine-shop practice | ||
| 942 |
_2ddc _cBK |
||